[Event "Belgrade Trophy 19th"]
[Site "Belgrade"]
[Date "2006.11.28"]
[Round "7"]
[White "Simovic, Dusan"]
[Black "Petrovic, Zarko"]
[Result "0-1"]
[WhiteElo "2031"]
[BlackElo "2176"]
[PlyCount "62"]
[EventDate "2006.11.22"]
[EventType "swiss"]
[EventRounds "9"]
[EventCountry "YUG"]
[SourceTitle "CBM 115 Extra"]
[Source "ChessBase"]
[SourceDate "2007.01.10"]
[SourceVersion "1"]
[SourceVersionDate "2007.01.10"]
[SourceQuality "1"]

1. e4 e6 2. d4 d5 3. exd5 exd5 4. Bd3 Nc6 5. c3 Bd6 6. Ne2 Qh4 7. Ng3 Bg4 8. Qc2 Nge7 9. Be3 0-0-0 10. b4 Rde8 11. a4 g6 12. Qd2 Nf5 13. Nxf5 Bxf5 14. g3 Qh3 15. Bf1 Qg4 16. Bg2 Be4 17. 0-0 Bxg2 18. Kxg2 Qf5 19. Qe2 h5 20. h3 h4 21. g4 Qe6 22. Nd2 f5 23. Qf3 f4 24. c4 fxe3 25. cxd5 Qe7 26. dxc6 exd2 27. cxb7+ Kb8 28. a5 Rhf8 29. Qd3 Qe4+ 30. Qxe4 Rxe4 31. a6 Bxb4 0-1

[Event "Bar Sozina op"]
[Site "Bar"]
[Date "2005.03.10"]
[Round "7"]
[White "Dodic, Dragan"]
[Black "Simovic, Dusan"]
[Result "1-0"]
[WhiteElo "2187"]
[BlackElo "2013"]
[PlyCount "72"]
[EventDate "2005.03.04"]
[EventType "swiss"]
[EventRounds "9"]
[EventCountry "YUG"]
[SourceTitle "CBM 105 Extra"]
[Source "ChessBase"]
[SourceDate "2005.05.01"]
[SourceVersion "1"]
[SourceVersionDate "2005.05.01"]
[SourceQuality "1"]

1. d4 d6 2. Nf3 Bg4 3. e3 Nd7 4. Nbd2 Ngf6 5. c4 e5 6. Qb3 Rb8 7. h3 Bxf3 8. Nxf3 e4 9. Nd2 c6 10. Be2 g6 11. 0-0 Bh6 12. Qa3 Qc7 13. Qxa7 0-0 14. Qa4 Rbe8 15. b4 d5 16. Qc2 Qd6 17. c5 Qe6 18. a4 Nh5 19. Re1 Ng7 20. b5 f5 21. Nf1 f4 22. Bg4 Qe7 23. bxc6 bxc6 24. Bxd7 Qxd7 25. exf4 Nh5 26. a5 Bxf4 27. Be3 Bb8 28. a6 Rf7 29. Reb1 Qc8 30. Rb6 Ra7 31. Qa4 Re6 32. Rab1 Bc7 33. Rb7 Ra8 34. a7 Re8 35. Kh1 Qd7 36. R7b6 Re6 1-0